[Event "Kolding SonFlow Cup-C"]
[Site "Kolding"]
[Date "2025.05.04"]
[Round "4"]
[White "Bonnelykke, Ole"]
[Black "Jakobsen, Peter"]
[Result "1/2-1/2"]
[WhiteElo "2048"]
[BlackElo "2174"]
[PlyCount "61"]
[EventDate "2025.05.02"]
[EventType "swiss"]
[EventRounds "5"]
[EventCountry "DEN"]
[SourceTitle "CB19_2025"]
[SourceDate "2025.05.07"]
[SourceVersion "1"]
[SourceVersionDate "2025.05.07"]
[SourceQuality "1"]

1. e4 c5 2. Nc3 Nc6 3. g3 g6 4. Bg2 Bg7 5. d3 d6 6. Be3 Rb8 7. a4 a6 8. f4 Nd4 9. Nf3 Bg4 10. 0-0 e6 11. Qd2 Bxf3 12. Bxf3 Ne7 13. Kg2 b5 14. axb5 axb5 15. g4 b4 16. Nd1 f5 17. Bxd4 cxd4 18. Re1 0-0 19. exf5 e5 20. Ra7 gxf5 21. fxe5 dxe5 22. Kh1 Ng6 23. Rg1 f4 24. Nf2 Rf7 25. Rga1 Rxa7 26. Rxa7 Nh4 27. Qe2 Rc8 28. Nh3 Qb6 29. Bd5+ Kh8 30. Rb7 Qd6 31. Be4 1/2-1/2

[Event "Kolding SonFlow Cup-C"]
[Site "Kolding"]
[Date "2025.05.04"]
[Round "5"]
[White "Jakobsen, Peter"]
[Black "Rempe, Jonas"]
[Result "1/2-1/2"]
[WhiteElo "2174"]
[BlackElo "2169"]
[PlyCount "71"]
[EventDate "2025.05.02"]
[EventType "swiss"]
[EventRounds "5"]
[EventCountry "DEN"]
[SourceTitle "CB19_2025"]
[SourceDate "2025.05.07"]
[SourceVersion "1"]
[SourceVersionDate "2025.05.07"]
[SourceQuality "1"]

1. d4 Nf6 2. c4 e6 3. Nf3 Bb4+ 4. Bd2 Qe7 5. e3 b6 6. Bd3 Bb7 7. 0-0 Bxd2 8. Nbxd2 c5 9. Qe2 d6 10. e4 e5 11. d5 Nh5 12. g3 g6 13. Ne1 Nd7 14. Ng2 Ng7 15. a3 0-0 16. Rae1 f6 17. Bc2 Rf7 18. f4 Raf8 19. f5 g5 20. Ba4 Rb8 21. Nb1 Bc8 22. Nc3 Nf8 23. Ne3 h6 24. Kg2 Bd7 25. Bxd7 Qxd7 26. Rh1 h5 27. h3 Nh7 28. b4 Rff8 29. Rb1 Rfc8 30. Rb3 Kf7 31. Rhb1 Ke7 32. Qa2 h4 33. g4 Nf8 34. b5 Qb7 35. a4 Ne8 36. a5 1/2-1/2

[Event "DEN-chT 2425 62nd"]
[Site "Denmark"]
[Date "2024.11.03"]
[Round "2.6"]
[White "Jakobsen, Peter"]
[Black "Rewitz, Jan"]
[Result "1-0"]
[WhiteElo "2215"]
[BlackElo "2071"]
[PlyCount "49"]
[EventDate "2024.11.02"]
[EventType "team-tourn"]
[EventRounds "9"]
[EventCountry "DEN"]
[SourceTitle "CB45_2024"]
[Source "ChessBase"]
[SourceDate "2024.11.06"]
[SourceVersion "1"]
[SourceVersionDate "2024.11.06"]
[SourceQuality "1"]
[WhiteTeam "Nordkalotten"]
[BlackTeam "Nordre"]
[WhiteTeamCountry "DEN"]
[BlackTeamCountry "DEN"]

1. d4 Nf6 2. c4 g6 3. Nc3 Bg7 4. e4 d6 5. Nf3 0-0 6. Be2 e5 7. 0-0 Nc6 8. d5 Ne7 9. b4 Ne8 10. c5 h6 11. a4 f5 12. Nd2 fxe4 13. Ndxe4 Nf5 14. Ba3 Rf7 15. b5 Nd4 16. Bd3 Bf8 17. a5 b6 18. axb6 axb6 19. cxb6 cxb6 20. Bb4 Rb8 21. Ra3 Qh4 22. f3 Rf5 23. Qe1 Qe7 24. Ne2 Rxf3 25. gxf3 1-0

[Event "EU-Cup 39th"]
[Site "Vrnjacka Banja"]
[Date "2024.10.24"]
[Round "5.5"]
[White "Grodotzki, Kenneth Alexander"]
[Black "Jakobsen, Peter"]
[Result "0-1"]
[WhiteElo "1980"]
[BlackElo "2212"]
[PlyCount "44"]
[EventDate "2024.10.20"]
[EventType "team-swiss"]
[EventRounds "7"]
[EventCountry "SRB"]
[SourceTitle "CB44_2024"]
[Source "Chessbase"]
[SourceDate "2024.10.30"]
[SourceVersion "1"]
[SourceVersionDate "2024.10.30"]
[SourceQuality "1"]
[WhiteTeam "Muelheim Nord"]
[BlackTeam "Nordkalotten"]
[WhiteTeamCountry "GER"]
[BlackTeamCountry "NOR"]

1. d4 d5 2. Nf3 Nf6 3. g3 e6 4. Bg2 Be7 5. 0-0 0-0 6. c4 dxc4 7. Qc2 a6 8. a4 Bd7 9. Ne5 Bc6 10. Nxc6 Nxc6 11. Bxc6 bxc6 12. Qxc4 Qd5 13. Nd2 Rfb8 14. b3 Bb4 15. Nf3 Bd6 16. Ne5 c5 17. Qxd5 exd5 18. Nc6 Rxb3 19. dxc5 Bxc5 20. Bf4 Rb6 21. Ne5 Bd6 22. Rfd1 g5 0-1

[Event "DEN-chT 2324 61st"]
[Site "Denmark"]
[Date "2024.04.06"]
[Round "8.6"]
[White "Jakobsen, Peter"]
[Black "Rewitz, Poul"]
[Result "1/2-1/2"]
[WhiteElo "2173"]
[BlackElo "2199"]
[PlyCount "51"]
[EventDate "2023.10.28"]
[EventType "team-tourn"]
[EventRounds "9"]
[EventCountry "DEN"]
[SourceTitle "EXT 2025"]
[Source "ChessBase"]
[SourceDate "2024.10.14"]
[SourceVersion "1"]
[SourceVersionDate "2024.10.14"]
[SourceQuality "1"]
[WhiteTeam "Nordkalotten"]
[BlackTeam "Copenhagen 68"]
[WhiteTeamCountry "DEN"]
[BlackTeamCountry "DEN"]

1. d4 d5 2. c4 e5 3. dxe5 d4 4. Nf3 Nc6 5. Nbd2 Nge7 6. Nb3 Nf5 7. g3 a5 8. Bg2 Bb4+ 9. Bd2 Be7 10. 0-0 0-0 11. Nc1 Be6 12. b3 f6 13. exf6 Bxf6 14. Nd3 Nd6 15. Rc1 Qe8 16. Nc5 Bf5 17. Bf4 Qe7 18. Qd2 Nf7 19. e4 Bg4 20. e5 Bxe5 21. Nd3 Bxf4 22. Nxf4 Qd7 23. Rfe1 Rae8 24. Rxe8 Rxe8 25. Re1 Bxf3 26. Bxf3 1/2-1/2

[Event "DEN-chT 2223 60th"]
[Site "Denmark"]
[Date "2023.01.14"]
[Round "5.3"]
[White "Jakobsen, Peter"]
[Black "Holst, Per"]
[Result "1/2-1/2"]
[WhiteElo "2175"]
[BlackElo "2075"]
[PlyCount "47"]
[EventDate "2022.10.29"]
[EventType "team-tourn"]
[EventRounds "9"]
[EventCountry "DEN"]
[SourceTitle "CBM 213 Extra"]
[Source "ChessBase"]
[SourceDate "2023.05.31"]
[SourceVersion "1"]
[SourceVersionDate "2023.05.31"]
[SourceQuality "1"]
[WhiteTeam "Nordkalotten"]
[BlackTeam "Nordre"]
[WhiteTeamCountry "DEN"]
[BlackTeamCountry "DEN"]

1. Nf3 e6 2. c4 Nf6 3. d4 Bb4+ 4. Bd2 Qe7 5. g3 Bxd2+ 6. Qxd2 0-0 7. Bg2 d6 8. 0-0 e5 9. Nc3 Re8 10. e4 Bg4 11. d5 Bxf3 12. Bxf3 a5 13. Bg2 Nbd7 14. Rae1 Nc5 15. Re2 c6 16. Rc1 Qc7 17. Qe3 a4 18. Rd2 cxd5 19. cxd5 Qa5 20. Qe2 Red8 21. f3 Ne8 22. Bh3 Nc7 23. Kh1 b5 24. Ra1 1/2-1/2

[Event "Kolding SonFlow Cup-B"]
[Site "Kolding"]
[Date "2022.05.01"]
[Round "5"]
[White "Rasmussen, Henning"]
[Black "Jakobsen, Peter"]
[Result "0-1"]
[WhiteElo "2161"]
[BlackElo "2186"]
[PlyCount "56"]
[EventDate "2022.04.29"]
[EventType "tourn"]
[EventRounds "5"]
[EventCountry "DEN"]
[SourceTitle "CBM 208 Extra"]
[Source "ChessBase"]
[SourceDate "2022.07.31"]
[SourceVersion "1"]
[SourceVersionDate "2022.07.31"]
[SourceQuality "1"]

1. d4 Nf6 2. Nf3 c5 3. d5 b5 4. a4 b4 5. c4 g6 6. b3 Bg7 7. Bb2 d6 8. e4 0-0 9. Bd3 e5 10. dxe6 fxe6 11. h3 e5 12. g4 Nc6 13. Nbd2 Qe7 14. Qc2 Nd7 15. 0-0-0 Nd4 16. Nxd4 cxd4 17. Rdf1 Nc5 18. Kb1 Qh4 19. f3 Bh6 20. Bc1 Bd7 21. Kb2 Rf7 22. Be2 Raf8 23. Bd1 Bc6 24. Re1 a5 25. Nb1 Bxc1+ 26. Kxc1 Rxf3 27. Bxf3 Rxf3 28. Rd1 Bxe4 0-1

[Event "EU-Cup 36th"]
[Site "Struga"]
[Date "2021.09.23"]
[Round "6.5"]
[White "Wengholm, Anders"]
[Black "Jakobsen, Peter"]
[Result "1-0"]
[WhiteElo "2198"]
[BlackElo "2202"]
[PlyCount "61"]
[EventDate "2021.09.18"]
[EventType "team-swiss"]
[EventRounds "7"]
[EventCountry "MKD"]
[SourceTitle "CBM 204 Extra"]
[Source "ChessBase"]
[SourceDate "2021.11.30"]
[SourceVersion "1"]
[SourceVersionDate "2021.11.30"]
[SourceQuality "1"]
[WhiteTeam "Pelaro Alingsas"]
[BlackTeam "Nordkalotten"]
[WhiteTeamCountry "SWE"]
[BlackTeamCountry "DEN"]

1. Nf3 Nf6 2. c4 e6 3. g3 d5 4. Bg2 Be7 5. d4 0-0 6. 0-0 dxc4 7. Qc2 a6 8. a4 Bd7 9. Rd1 Bc6 10. Nc3 a5 11. e4 Na6 12. Ne5 Nb4 13. Qe2 Nd3 14. Nxd3 cxd3 15. Rxd3 Rb8 16. Bf4 b6 17. Rc1 Rc8 18. Nb5 Bxb5 19. axb5 Qd7 20. Rc6 Rfd8 21. Bh3 h5 22. Kg2 Ng4 23. f3 f5 24. fxg4 hxg4 25. Bxg4 fxg4 26. Qxg4 Bf6 27. e5 Qd5+ 28. Kh3 Kf7 29. Rf3 Rh8+ 30. Kg2 Qxb5 31. Qxe6+ 1-0

[Event "EU-Cup 36th"]
[Site "Struga"]
[Date "2021.09.20"]
[Round "3.5"]
[White "Arman, Deniz"]
[Black "Jakobsen, Peter"]
[Result "1-0"]
[WhiteElo "2336"]
[BlackElo "2202"]
[PlyCount "79"]
[EventDate "2021.09.18"]
[EventType "team-swiss"]
[EventRounds "7"]
[EventCountry "MKD"]
[SourceTitle "CBM 204 Extra"]
[Source "ChessBase"]
[SourceDate "2021.11.30"]
[SourceVersion "1"]
[SourceVersionDate "2021.11.30"]
[SourceQuality "1"]
[WhiteTeam "Stockholm CC"]
[BlackTeam "Nordkalotten"]
[WhiteTeamCountry "SWE"]
[BlackTeamCountry "DEN"]

1. e4 c5 2. c3 d5 3. exd5 Qxd5 4. d4 e6 5. Nf3 Nf6 6. Na3 Qd8 7. Nc4 Be7 8. Bf4 cxd4 9. Qxd4 0-0 10. Qxd8 Rxd8 11. Rd1 Rxd1+ 12. Kxd1 Nc6 13. Be2 b6 14. Kc2 Bb7 15. Rd1 Nd5 16. Bg3 Rd8 17. a4 f6 18. Nfd2 Bc8 19. Nf1 e5 20. Nfe3 Nxe3+ 21. Nxe3 Be6 22. Rxd8+ Bxd8 23. Bb5 Ne7 24. f4 exf4 25. Bxf4 Nd5 26. Nxd5 Bxd5 27. g3 a5 28. Kd3 Kf7 29. Bc4 Ke6 30. Kd4 Bxc4 31. Kxc4 g5 32. Bb8 f5 33. b4 axb4 34. cxb4 h5 35. h3 g4 36. h4 Be7 37. a5 bxa5 38. bxa5 Bd6 39. Bxd6 Kxd6 40. Kd4 1-0

[Event "DEN-chT 1920 58th"]
[Site "Denmark"]
[Date "2020.01.12"]
[Round "5.7"]
[White "Akdag, Dara Sevkan"]
[Black "Jakobsen, Peter"]
[Result "1-0"]
[WhiteElo "2209"]
[BlackElo "2211"]
[PlyCount "57"]
[EventDate "2019.11.23"]
[EventType "team-tourn"]
[EventRounds "9"]
[EventCountry "DEN"]
[SourceTitle "CBM 194 Extra"]
[Source "ChessBase"]
[SourceDate "2020.03.31"]
[SourceVersion "1"]
[SourceVersionDate "2020.03.31"]
[SourceQuality "1"]
[WhiteTeam "Ballerup"]
[BlackTeam "Nordkallotten"]
[WhiteTeamCountry "DEN"]
[BlackTeamCountry "DEN"]

1. f4 d5 2. Nf3 Nf6 3. g3 c6 4. Bg2 Qb6 5. e3 Bg4 6. 0-0 g6 7. h3 Bxf3 8. Qxf3 Bg7 9. Nc3 Nbd7 10. a4 a5 11. g4 0-0-0 12. Rb1 Nc5 13. b4 axb4 14. Na2 Na6 15. Nxb4 Nxb4 16. c3 Ne4 17. Rxb4 Qa6 18. Rd1 f5 19. a5 Qxa5 20. Bb2 Qc7 21. Qe2 e5 22. c4 d4 23. Ra1 Qd6 24. Rb6 Qc5 25. Rb3 dxe3 26. dxe3 Qd6 27. Bxe4 fxe4 28. Bc3 Kb8 29. Qa2 1-0

[Event "DEN-chT 1920 58th"]
[Site "Denmark"]
[Date "2019.11.23"]
[Round "1.6"]
[White "Schmidt, Christian Korup"]
[Black "Jakobsen, Peter"]
[Result "1/2-1/2"]
[WhiteElo "1981"]
[BlackElo "2211"]
[PlyCount "78"]
[EventDate "2019.11.23"]
[EventType "team-tourn"]
[EventRounds "9"]
[EventCountry "DEN"]
[SourceTitle "CBM 193 Extra"]
[Source "ChessBase"]
[SourceDate "2020.01.31"]
[SourceVersion "1"]
[SourceVersionDate "2020.01.31"]
[SourceQuality "1"]
[WhiteTeam "Aarhus/Skolerne"]
[BlackTeam "Nordkallotten"]
[WhiteTeamCountry "DEN"]
[BlackTeamCountry "DEN"]

1. e4 c5 2. Nf3 d6 3. d4 cxd4 4. Nxd4 Nf6 5. Nc3 e6 6. Bd3 Be7 7. 0-0 0-0 8. h3 a6 9. Re1 b5 10. a4 b4 11. Nce2 Bb7 12. Ng3 a5 13. b3 Nbd7 14. Bb2 Qb6 15. Rc1 Rac8 16. Nb5 Nc5 17. Bd4 Qd8 18. Nh5 e5 19. Nxf6+ Bxf6 20. Bxc5 Rxc5 21. Bc4 d5 22. exd5 Bxd5 23. Bxd5 Rxd5 24. Qf3 Qd7 25. Rcd1 Rd2 26. Rxd2 Qxd2 27. Re2 Qd1+ 28. Kh2 Rd8 29. Na7 Qd5 30. Qxd5 Rxd5 31. f4 g6 32. Kg3 exf4+ 33. Kxf4 Kg7 34. Nc6 Rc5 35. Nb8 Bd8 36. Kf3 Bc7 37. Na6 Rf5+ 38. Ke4 Bb6 39. Kd3 Rf6 1/2-1/2

[Event "Lund CellaVision Cup"]
[Site "Lund"]
[Date "2019.08.04"]
[Round "7"]
[White "Jakobsen, Peter"]
[Black "Kristiansen, Jens"]
[Result "0-1"]
[WhiteElo "2250"]
[BlackElo "2400"]
[PlyCount "114"]
[EventDate "2019.08.02"]
[EventType "swiss"]
[EventRounds "8"]
[EventCountry "SWE"]
[SourceTitle "CBM 191 Extra"]
[Source "ChessBase"]
[SourceDate "2019.09.30"]
[SourceVersion "1"]
[SourceVersionDate "2019.09.30"]
[SourceQuality "1"]

1. e4 c5 2. c3 d6 3. d4 Nf6 4. Bd3 cxd4 5. cxd4 g6 6. Nf3 Bg7 7. 0-0 0-0 8. h3 Nc6 9. Nc3 e5 10. dxe5 dxe5 11. Bc4 Qa5 12. Bd2 Qb4 13. b3 h6 14. a3 Qe7 15. b4 Be6 16. Bxe6 Qxe6 17. Re1 Rfd8 18. Qc1 Nd4 19. Nxd4 exd4 20. Nd5 Rac8 21. Nxf6+ Bxf6 22. Qd1 Bg7 23. Rc1 Qa2 24. a4 d3 25. Rxc8 Rxc8 26. Be3 Bc3 27. Rf1 d2 28. Qg4 Rd8 29. Bxh6 Qxa4 30. Rd1 Qxb4 31. Bg5 Rd4 32. Bf6 Rc4 33. Bxc3 Qxc3 34. Qg5 Rxe4 35. Qd8+ Kg7 36. Rxd2 Re1+ 37. Kh2 Qe5+ 38. g3 Qe4 39. Qd4+ Qxd4 40. Rxd4 a5 41. Ra4 b6 42. Kg2 Rb1 43. Kf3 Kf6 44. Ke3 Rb3+ 45. Ke2 Ke5 46. h4 f5 47. f3 Rb4 48. Ra1 a4 49. Ke3 Rb3+ 50. Ke2 a3 51. g4 b5 52. h5 fxg4 53. fxg4 gxh5 54. gxh5 b4 55. h6 Rh3 56. Kd2 Kd4 57. Kc2 b3+ 0-1

[Event "DEN-chT 1819 57th"]
[Site "Denmark"]
[Date "2019.03.16"]
[Round "8.5"]
[White "Pedersen, Lars"]
[Black "Jakobsen, Peter"]
[Result "0-1"]
[WhiteElo "2066"]
[BlackElo "2185"]
[PlyCount "74"]
[EventDate "2018.10.27"]
[EventType "team-tourn"]
[EventRounds "9"]
[EventCountry "DEN"]
[SourceTitle "CBM 189 Extra"]
[Source "ChessBase"]
[SourceDate "2019.05.31"]
[SourceVersion "1"]
[SourceVersionDate "2019.05.31"]
[SourceQuality "1"]
[WhiteTeam "Evans"]
[BlackTeam "Nordkalotten"]
[WhiteTeamCountry "DEN"]
[BlackTeamCountry "DEN"]

1. Nf3 Nf6 2. c4 c5 3. g3 b6 4. Bg2 Bb7 5. 0-0 e6 6. Nc3 Be7 7. Re1 d5 8. cxd5 exd5 9. d4 0-0 10. b3 Nbd7 11. Bb2 Re8 12. Rc1 Rc8 13. e3 Nf8 14. Ne5 Ne6 15. a3 a6 16. Kh1 Bf8 17. f4 b5 18. dxc5 Bxc5 19. b4 Bb6 20. a4 Qe7 21. axb5 axb5 22. Nxd5 Bxd5 23. Bxd5 Rxc1 24. Bxc1 Qxb4 25. Bf3 Ne4 26. Qe2 Rc8 27. Rf1 h6 28. Qd3 Rxc1 29. Bxe4 Rxf1+ 30. Kg2 Rc1 31. Bh7+ Kf8 32. Nd7+ Ke7 33. Nxb6 Qd6 34. Qxb5 Rc5 35. Qb3 g6 36. f5 Qc6+ 37. Kh3 Ng5+ 0-1

[Event "Nordsjalland Weekend-A"]
[Site "Allerod"]
[Date "2019.01.06"]
[Round "5"]
[White "Antonsen, Mikkel"]
[Black "Jakobsen, Peter"]
[Result "1/2-1/2"]
[WhiteElo "2433"]
[BlackElo "2174"]
[PlyCount "37"]
[EventDate "2019.01.04"]
[EventType "swiss"]
[EventRounds "5"]
[EventCountry "DEN"]
[SourceTitle "CBM 189 Extra"]
[Source "ChessBase"]
[SourceDate "2019.05.31"]
[SourceVersion "1"]
[SourceVersionDate "2019.05.31"]
[SourceQuality "1"]

1. d4 Nf6 2. c4 e6 3. Nf3 b6 4. g3 Ba6 5. Nbd2 Bb4 6. Qa4 c5 7. a3 Bxd2+ 8. Bxd2 cxd4 9. Bg2 Bb7 10. 0-0 Bc6 11. Qb3 Bxf3 12. Qxf3 Nc6 13. e3 Rc8 14. exd4 Nxd4 15. Qd3 Nc6 16. Bc3 0-0 17. Rfd1 d5 18. cxd5 Nxd5 19. Bxd5 1/2-1/2

[Event "Nordsjalland Weekend-A"]
[Site "Allerod"]
[Date "2019.01.05"]
[Round "2"]
[White "Jakobsen, Peter"]
[Black "Hoi, Carsten"]
[Result "1/2-1/2"]
[WhiteElo "2174"]
[BlackElo "2413"]
[PlyCount "63"]
[EventDate "2019.01.04"]
[EventType "swiss"]
[EventRounds "5"]
[EventCountry "DEN"]
[SourceTitle "CBM 189 Extra"]
[Source "ChessBase"]
[SourceDate "2019.05.31"]
[SourceVersion "1"]
[SourceVersionDate "2019.05.31"]
[SourceQuality "1"]

1. Nf3 g6 2. d4 Bg7 3. c4 Nf6 4. Nc3 0-0 5. e4 d6 6. Be2 e5 7. 0-0 Nc6 8. d5 Ne7 9. Ne1 Nd7 10. Be3 f5 11. f3 b6 12. b4 a5 13. a3 f4 14. Bf2 g5 15. Nd3 axb4 16. axb4 Rxa1 17. Qxa1 Nf6 18. c5 bxc5 19. bxc5 g4 20. Nb5 g3 21. hxg3 Nh5 22. gxf4 exf4 23. Bd4 Ng6 24. Bxg7 Nxg7 25. Qa5 Nh5 26. Nxc7 Nh4 27. Rf2 Ng3 28. cxd6 Ng6 29. Qa2 Qh4 30. Rf1 Qh1+ 31. Kf2 Qh4 32. Ke1 1/2-1/2

[Event "Nordsjalland Weekend-A"]
[Site "Allerod"]
[Date "2019.01.04"]
[Round "1"]
[White "Jakobsen, Peter"]
[Black "Jacobsen, Mikkel Manosri"]
[Result "1-0"]
[WhiteElo "2174"]
[BlackElo "2290"]
[PlyCount "51"]
[EventDate "2019.01.04"]
[EventType "swiss"]
[EventRounds "5"]
[EventCountry "DEN"]
[SourceTitle "CBM 189 Extra"]
[Source "ChessBase"]
[SourceDate "2019.05.31"]
[SourceVersion "1"]
[SourceVersionDate "2019.05.31"]
[SourceQuality "1"]

1. d4 Nf6 2. c4 e6 3. Nc3 d5 4. Bg5 Nbd7 5. e3 Be7 6. Nf3 a6 7. cxd5 exd5 8. Bd3 0-0 9. 0-0 h6 10. Bh4 b5 11. Ne5 Bb7 12. f4 c5 13. Qf3 Re8 14. Rad1 b4 15. Ne2 c4 16. Bxc4 Nxe5 17. dxe5 Qc8 18. exf6 dxc4 19. Qg3 Bf8 20. fxg7 Bc5 21. Nd4 Qd7 22. Bf6 Qd5 23. Be5 f6 24. Nf5 Qe6 25. Qg6 Bxe3+ 26. Kh1 1-0

[Event "Nordsjalland Weekend A"]
[Site "Allerod"]
[Date "2018.01.07"]
[Round "4"]
[White "Kristensen, Kaare Hove"]
[Black "Jakobsen, Peter"]
[Result "1-0"]
[WhiteElo "2284"]
[BlackElo "2177"]
[PlyCount "47"]
[EventDate "2018.01.05"]
[EventType "swiss"]
[EventRounds "5"]
[EventCountry "DEN"]
[SourceTitle "EXT 2019"]
[Source "ChessBase"]
[SourceDate "2018.10.10"]
[SourceVersion "1"]
[SourceVersionDate "2018.10.10"]
[SourceQuality "1"]

1. e4 c5 2. Nf3 d6 3. d4 cxd4 4. Nxd4 Nf6 5. Nc3 e6 6. f4 a6 7. Qf3 Qb6 8. Nb3 Qc7 9. g4 b5 10. Bd3 Bb7 11. g5 Nfd7 12. Be3 Nc5 13. f5 b4 14. Nxc5 dxc5 15. Na4 c4 16. Be2 Nd7 17. fxe6 fxe6 18. Rd1 Ne5 19. Qh3 Qc6 20. Rf1 Be7 21. Bd4 Qxe4 22. Nc5 Bxc5 23. Qxe6+ Be7 24. Bxe5 1-0

[Event "DEN-chT 1718 56th"]
[Site "Denmark"]
[Date "2017.11.18"]
[Round "1.2"]
[White "Svane, Henrik"]
[Black "Jakobsen, Peter"]
[Result "1/2-1/2"]
[WhiteElo "2084"]
[BlackElo "2182"]
[PlyCount "38"]
[EventDate "2017.11.18"]
[EventType "team-tourn"]
[EventRounds "9"]
[EventCountry "DEN"]
[SourceTitle "CBM 181 Extra"]
[Source "ChessBase"]
[SourceDate "2017.12.12"]
[SourceVersion "1"]
[SourceVersionDate "2017.12.12"]
[SourceQuality "1"]
[WhiteTeam "BOV"]
[BlackTeam "Nordkalotten"]
[WhiteTeamCountry "DEN"]
[BlackTeamCountry "DEN"]

1. d4 Nf6 2. c4 e6 3. Nc3 Bb4 4. f3 d5 5. a3 Bxc3+ 6. bxc3 c5 7. cxd5 Nxd5 8. dxc5 Qa5 9. e4 Ne7 10. Be3 0-0 11. Qb3 Nec6 12. Bb5 e5 13. Ne2 Be6 14. Bc4 Bxc4 15. Qxc4 Nd7 16. 0-0 Qc7 17. Rfd1 Rac8 18. Rd5 Ne7 19. Rd2 h6 1/2-1/2

[Event "EU-Cup 33rd"]
[Site "Antalya"]
[Date "2017.10.14"]
[Round "7.5"]
[White "Jakobsen, Peter"]
[Black "Dedebas, Emre Emin"]
[Result "1-0"]
[WhiteElo "2182"]
[BlackElo "2253"]
[PlyCount "83"]
[EventDate "2017.10.08"]
[EventType "team-swiss"]
[EventRounds "7"]
[EventCountry "TUR"]
[SourceTitle "CBM 181"]
[Source "ChessBase"]
[SourceDate "2017.11.10"]
[SourceVersion "1"]
[SourceVersionDate "2017.11.10"]
[SourceQuality "1"]
[WhiteTeam "Nordkalotten"]
[BlackTeam "Oslo Schakselskap"]
[WhiteTeamCountry "DEN"]
[BlackTeamCountry "NOR"]

1. d4 e6 2. c4 Nf6 3. Nc3 Bb4 4. e3 0-0 5. Bd3 d5 6. Nf3 c5 7. 0-0 Nc6 8. a3 Bxc3 9. bxc3 b6 10. cxd5 exd5 11. Ne5 Qc7 12. Nxc6 Qxc6 13. f3 a5 14. Qe2 c4 15. Bc2 Re8 16. Bd2 Bd7 17. Rae1 h6 18. Qf2 b5 19. e4 b4 20. e5 Nh7 21. cxb4 c3 22. Be3 axb4 23. axb4 Kh8 24. Bd3 Qb6 25. Qc2 Bb5 26. Bxb5 Qxb5 27. Qxc3 Rec8 28. Qb2 Qd3 29. Qe2 Qa3 30. Rb1 Rc3 31. Bf4 Rac8 32. Qb5 Rc2 33. Qxd5 g5 34. Bg3 Qe3+ 35. Kh1 Qe2 36. f4 gxf4 37. Bxf4 Rg8 38. Bg3 Rg4 39. e6 Re4 40. Be5+ f6 41. Qd8+ Kg7 42. Bxf6+ 1-0

[Event "EU-Cup 33rd"]
[Site "Antalya"]
[Date "2017.10.11"]
[Round "4.5"]
[White "Nalbant, Tuna Onat"]
[Black "Jakobsen, Peter"]
[Result "1-0"]
[WhiteElo "2034"]
[BlackElo "2182"]
[PlyCount "71"]
[EventDate "2017.10.08"]
[EventType "team-swiss"]
[EventRounds "7"]
[EventCountry "TUR"]
[SourceTitle "CBM 181"]
[Source "ChessBase"]
[SourceDate "2017.11.10"]
[SourceVersion "1"]
[SourceVersionDate "2017.11.10"]
[SourceQuality "1"]
[WhiteTeam "Karaman Belediye"]
[BlackTeam "Nordkalotten"]
[WhiteTeamCountry "TUR"]
[BlackTeamCountry "DEN"]

1. e4 c5 2. Nf3 d6 3. d4 cxd4 4. Nxd4 Nf6 5. f3 e6 6. c4 Be7 7. Nc3 0-0 8. Be3 b6 9. Be2 Bb7 10. 0-0 a6 11. Qd2 Nbd7 12. Rfc1 Qc7 13. Rab1 Rac8 14. b4 Rfe8 15. Bf1 Qb8 16. Qf2 d5 17. cxd5 exd5 18. Nxd5 Nxd5 19. exd5 Bd6 20. g3 Bxd5 21. Bxa6 Rxc1+ 22. Rxc1 Bxb4 23. Bb5 Rd8 24. Qe2 Bc5 25. Nf5 Ne5 26. Rf1 Bxe3+ 27. Qxe3 Qc7 28. a4 Bb7 29. Nh4 h6 30. Rc1 Qd6 31. Re1 Ng6 32. Nxg6 Qxg6 33. Qe7 Qd6 34. Qxb7 Qc5+ 35. Kg2 Rd2+ 36. Re2 1-0